Продажа основного средства с убытком: благо и наказание; Экономика России в XXI веке

Xehetasun bibliografikoak
Parent link:Экономика России в XXI веке.— 2006.— С. 325-326
Egile nagusia: Сафонова Л. И. Лариса Ивановна
Hizkuntza:errusiera
Argitaratua: 2006
Gaiak:
Formatua: MixedMaterials Liburu kapitulua
KOHA link:https://koha.lib.tpu.ru/cgi-bin/koha/opac-detail.pl?biblionumber=122373

MARC

LEADER 00000naa2a2200000 4500
001 122373
005 20231031125940.0
035 |a (RuTPU)RU\TPU\book\132502 
090 |a 122373 
100 |a 20071003d2006 k y0rusy50 ca 
101 0 |a rus 
102 |a RU 
200 1 |a Продажа основного средства с убытком: благо и наказание  |f Л. И. Сафонова 
463 0 |0 (RuTPU)RU\TPU\book\116890  |t Экономика России в XXI веке  |o сборник научных трудов III Всероссийской научно-практической конференции "Теоретические проблемы экономической безопасности России в XXI веке"  |f Томский политехнический университет, Инженерно-экономический факультет; под ред. Г. А. Барышевой, Л. М. Борисовой  |v С. 325-326  |d 2006  |p 340 с. 
610 1 |a основные средства 
610 1 |a продажа 
610 1 |a убытки 
610 1 |a экономика 
610 1 |a предприятия 
610 1 |a труды учёных ТПУ 
700 1 |a Сафонова  |b Л. И.  |c российский экономист  |c доцент Томского политехнического университета, кандидат экономических наук  |f 1940-  |g Лариса Ивановна  |2 stltpush  |3 (RuTPU)RU\TPU\pers\25563 
801 1 |a RU  |b 63413507  |c 20071003  |g PSBO 
801 2 |a RU  |b 63413507  |c 20130206  |g PSBO 
942 |c BK